Rechentechnik, Datenverarbeitung

Salvato in:
Dettagli Bibliografici
Natura: Periodico
Pubblicazione: 1973
Tags: Aggiungi Tag
Nessun Tag, puoi essere il primo ad aggiungerne!!

MARC

LEADER 00000nas a22000003a 4500
001 stu69477
005 20141121234054.0
008 011106s1973----------------------------d
040 |a STU  |b slo 
041 0
245 |a Rechentechnik, Datenverarbeitung 
260 |c 1973 
500 |a 1973 
500 |a 4 
500 |a 1-4 
773 0 |t Rechentechnik, Datenverarbeitung  |w stu_us_cat*stu69475  |7 nnas 
996 |d Roč. 10, 1973  |v Roč. 10  |y 1973  |l II680  |s A  |a 24  |w stu69477_0001